Kabale University Library Catalogue

Presidential institutions and democratic politics : (Record no. 6185)

MARC details
000 -LEADER
fixed length control field 01055cam a2200265 a 4500
005 - DATE AND TIME OF LATEST TRANSACTION
control field 20260311201906.0
008 - FIXED-LENGTH DATA ELEMENTS--GENERAL INFORMATION
fixed length control field 960429s1997 mdu b 001 0 eng
020 ## - INTERNATIONAL STANDARD BOOK NUMBER
International Standard Book Number 0801853133
020 ## - INTERNATIONAL STANDARD BOOK NUMBER
International Standard Book Number 0801853141
Qualifying information pbk.
020 ## - INTERNATIONAL STANDARD BOOK NUMBER
International Standard Book Number 9780801853142
040 ## - CATALOGING SOURCE
Original cataloging agency KABLIB
Transcribing agency KABLIB
Description conventions rda
082 00 - DEWEY DECIMAL CLASSIFICATION NUMBER
Classification number 324.63
Edition number 23
Item number PRE
245 00 - TITLE STATEMENT
Title Presidential institutions and democratic politics :
Remainder of title comparing regional and national contexts /
Statement of responsibility, etc. edited by Kurt von Mettenheim.
260 ## - PUBLICATION, DISTRIBUTION, ETC.
Place of publication, distribution, etc. Baltimore, MD :
Name of publisher, distributor, etc. The Johns Hopkins University Press,
Date of publication, distribution, etc. c1997.
300 ## - PHYSICAL DESCRIPTION
Extent x, 303 p. ;
Dimensions 23 cm.
504 ## - BIBLIOGRAPHY, ETC. NOTE
Bibliography, etc. note Includes bibliographical references (p. [247]-290), index.
650 #0 - SUBJECT ADDED ENTRY--TOPICAL TERM
Topical term or geographic name entry element Presidents.
650 #0 - SUBJECT ADDED ENTRY--TOPICAL TERM
Topical term or geographic name entry element Democracy.
650 #0 - SUBJECT ADDED ENTRY--TOPICAL TERM
Topical term or geographic name entry element Separation of powers.
9 (RLIN) 15727
650 #0 - SUBJECT ADDED ENTRY--TOPICAL TERM
Topical term or geographic name entry element Comparative government.
9 (RLIN) 10142
700 1# - ADDED ENTRY--PERSONAL NAME
Personal name Mettenheim, Kurt von,
Dates associated with a name 1957-
9 (RLIN) 15728
856 42 - ELECTRONIC LOCATION AND ACCESS
Materials specified Contributor biographical information
Uniform Resource Identifier <a href="http://www.loc.gov/catdir/bios/jhu051/96021694.html">http://www.loc.gov/catdir/bios/jhu051/96021694.html</a>
856 42 - ELECTRONIC LOCATION AND ACCESS
Materials specified Publisher description
Uniform Resource Identifier <a href="http://www.loc.gov/catdir/description/jhu052/96021694.html">http://www.loc.gov/catdir/description/jhu052/96021694.html</a>
942 ## - ADDED ENTRY ELEMENTS (KOHA)
Source of classification or shelving scheme Dewey Decimal Classification
Koha item type Book
Holdings
Withdrawn status Lost status Source of classification or shelving scheme Damaged status Not for loan Home library Current library Shelving location Date acquired Source of acquisition Total Checkouts Full call number Barcode Date last seen Price effective from Koha item type
    Dewey Decimal Classification     Mukombe Library Mukombe Library Open Access Section 11.03.2026 Donated   324.63 PRE 14595 11.03.2026 11.03.2026 Book

Kabale University Library | Kabale University P.O Box 317, Kabale, Uganda
Tel : +256754017033, +256774661503 E-mail : library@kab.ac.ug